000 00300nam a22001337a 4500
008 170928b xxu||||| |||| 00| 0 eng d
020 _a9781571100894
041 _aeng
080 _a37
100 _a47
101 _aEDU
245 _aI READ IT BUT DONT GETIT
_cTOVANI.C
942 _2udc
_cBK
999 _c30543
_d30543